Understanding psychology / (Record no. 94)
[ view plain ]
| 000 -LEADER | |
|---|---|
| fixed length control field | 01100nam a22001817a 4500 |
| 008 - FIXED-LENGTH DATA ELEMENTS--GENERAL INFORMATION | |
| fixed length control field | 110909t xxu||||| |||| 00| 0 eng d |
| 020 ## - INTERNATIONAL STANDARD BOOK NUMBER | |
| International Standard Book Number | 0072891467 |
| 050 ## - LIBRARY OF CONGRESS CALL NUMBER | |
| Classification number | BF121 .F34 |
| 100 ## - MAIN ENTRY--PERSONAL NAME | |
| Personal name | Feldman, Robert S., |
| 245 ## - TITLE STATEMENT | |
| Title | Understanding psychology / |
| Statement of responsibility, etc. | Robert S Feldman |
| 250 ## - EDITION STATEMENT | |
| Edition statement | 5th ed |
| 260 ## - PUBLICATION, DISTRIBUTION, ETC. | |
| Place of publication, distribution, etc. | Boston : |
| Name of publisher, distributor, etc. | McGraw-Hill College, |
| Date of publication, distribution, etc. | c1999. |
| 300 ## - PHYSICAL DESCRIPTION | |
| Extent | xxvi, 774 p. : |
| Other physical details | ill. (col.) ; |
| Dimensions | 28 cm |
| 500 ## - GENERAL NOTE | |
| General note | Includes bibliographical references and index |
| 505 ## - FORMATTED CONTENTS NOTE | |
| Formatted contents note | Contents: Introduction to psychology -- Psychological research -- The Biology underlying behavior -- Sensation and perception -- States of consciousness -- Learning -- Memory -- Cognition and language -- Intelligence -- Motivation and emotion -- Sexuality and gender -- Development: The Beginnings of life -- Development: Adolescence to the end of life -- Personality -- Health psychology: stress, coping, and health -- Psychological disorders -- Treatment of psychological disorders -- Social psychology -- Appendix: Going by the numbers: Statistics in psychology |
| 650 ## - SUBJECT ADDED ENTRY--TOPICAL TERM | |
| Topical term or geographic name entry element | Psychology |
| General subdivision | Textbooks. |
| 942 ## - ADDED ENTRY ELEMENTS (KOHA) | |
| Source of classification or shelving scheme | Library of Congress Classification |
| Koha item type | Books |
| Withdrawn status | Lost status | Source of classification or shelving scheme | Damaged status | Not for loan | Home library | Current library | Shelving location | Date acquired | Total Checkouts | Full call number | Barcode | Date last seen | Copy number | Price effective from | Koha item type |
|---|---|---|---|---|---|---|---|---|---|---|---|---|---|---|---|
| Library of Congress Classification | WISCONSIN INTERNATIONAL UNIVERSITY COLLEGE, GHANA - MAIN LIBRARY | WISCONSIN INTERNATIONAL UNIVERSITY COLLEGE, GHANA - MAIN LIBRARY | General Stacks | 09/09/2011 | BF121 .F34 | 196/11 | 09/09/2011 | 1 | 09/09/2011 | Books | |||||
| Library of Congress Classification | WISCONSIN INTERNATIONAL UNIVERSITY COLLEGE, GHANA - MAIN LIBRARY | WISCONSIN INTERNATIONAL UNIVERSITY COLLEGE, GHANA - MAIN LIBRARY | General Stacks | 09/09/2011 | BF121 .F341 | 197/11 | 09/09/2011 | 2 | 09/09/2011 | Books | |||||
| Library of Congress Classification | WISCONSIN INTERNATIONAL UNIVERSITY COLLEGE, GHANA - MAIN LIBRARY | WISCONSIN INTERNATIONAL UNIVERSITY COLLEGE, GHANA - MAIN LIBRARY | General Stacks | 09/09/2011 | BF121 .F342 | 198/11 | 09/09/2011 | 3 | 09/09/2011 | Books |
